| Tag |
First Indicator |
Second Indicator |
Subfields |
| LEADER |
00000cam a2200000 4500 |
| 001 |
in00000043802 |
| 005 |
20151007075023.0 |
| 008 |
800612m18249999xx f 00010 lat |
| 010 |
|
|
|a 32032951
|
| 035 |
|
|
|a (OCoLC)06415033
|
| 035 |
|
|
|9 AAF2502AM
|
| 040 |
|
|
|a DLC
|c TXA
|d UtOrBLW
|
| 049 |
|
|
|a TXAM
|v 1 [188237]
|
| 050 |
|
0 |
|a QL463
|b .G4
|
| 090 |
|
|
|a QL463
|b .G4 1824
|
| 092 |
|
|
|a 595.7
|b G373i
|
| 100 |
1 |
|
|a Germar, E. F.
|q (Ernst Friedrich),
|d 1786-1853.
|
| 245 |
1 |
0 |
|a Insectorum species novae aut minus cognitae :
|b descriptionibus illustratae /
|c auctore E.F. Germar.
|
| 264 |
|
1 |
|a Halae :
|b Impensis J. C. Hendelii et filii,
|c 1824-
|
| 300 |
|
|
|a volumes :
|b folded illustrations ;
|c 21 cm.
|
| 336 |
|
|
|a text
|b txt
|2 rdacontent
|
| 337 |
|
|
|a unmediated
|b n
|2 rdamedia
|
| 338 |
|
|
|a volume
|b nc
|2 rdacarrier
|
| 650 |
|
0 |
|a Insects.
|
| 999 |
|
|
|a MARS
|
| 999 |
f |
f |
|s 39e15932-8c25-3ba3-abda-7e17b0927718
|i 40f64306-70c6-3f71-aa1f-b499c29dbaa5
|t 0
|
| 952 |
f |
f |
|p noncirc
|a Texas A&M University
|b College Station
|c Cushing Memorial Library & Archives
|d Cushing: Rare Books (Does not check out)
|t 0
|e QL463 .G4 1824
|h Library of Congress classification
|i unmediated -- volume
|k v.1
|m A14801012772
|
| 998 |
f |
f |
|a QL463 .G4 1824
|s v.1
|t 0
|l Cushing: Rare Books (Does not check out)
|